| 000 | 00445nam a22001577a 4500 | ||
|---|---|---|---|
| 005 | 20240306120707.0 | ||
| 008 | 240306b ||||| |||| 00| 0 eng d | ||
| 040 | _cAL | ||
| 041 | _aeng | ||
| 082 |
_223 _a368 _bMOTO |
||
| 100 |
_aK V Sudhir _9153231 |
||
| 245 | _aMotor Insurance Attitudes of the Customers Towards Insurance Procedure | ||
| 260 |
_aMangalore _bSt Aloysius College _c1995 |
||
| 700 |
_aSUDHIR (K V) _9153232 |
||
| 942 |
_2ddc _cPRO |
||
| 999 |
_c230100 _d230100 |
||